000 00583nam a22001697a 4500
005 20231115103657.0
008 231115b |||||||| |||| 00| 0 eng d
020 _a0409058440
041 _aEnglish
082 _a344.1 TRO
100 _aTrollip, AT and Gon, SC
_lEnglish
245 _aPower , Law and Procedure :
_bA Contemporary Guide to Industrial Relations /
_cAT Trollip and SC Gon
260 _aDurban :
_bButterworth Publishers (Pty) Ltd,
_c1992
300 _bviii, 220 pages ;
_c25 cm.
650 _aLegal practice
_bLaw
942 _cBK
_6ALISON_BN_VRIES
999 _c669
_d669